000 00393nam a2200157Ia 4500
008 230917s9999||||xx |||||||||||||| ||und||
020 _cRS55
040 _e11171
_aMAIN
041 _aEnglish
082 _a515.7 G557F
100 _aGoffman, Casper
245 0 _aFirst course in functional analysis
260 _aNew Delhi
_bPrentic-Hall of India
_c1965
300 _axi,282 p.
942 _cBK
999 _c71201
_d71201